000 00567nam a2200181 i 4500
001 89381
003 ES-MaACL
005 20250731061528.0
007 t|
008 050110s1969 sp ||||1| spa d
100 1 _aLapide, Pinchas.
_970149
245 1 4 _aLos tres últimos papas y los judíos /
_cGinhas E. Lapide ; traducción de Jesús Pardo de Santayana.
260 _a[Madrid] :
_bTaurus,
_c[1969]
300 _a380 p. ;
_c24 cm.
700 1 _aPardo, Jesús,
_d1927-2020
_9138804
852 _aES-MaACL
_jC-46714
_bR.70751
999 _c89381
_d89381